| 000 -CABECERA |
| Longitud fija campo de control |
00554nam a2200193 a 4500 |
| 001 - NÚMERO DE CONTROL |
| Número de control |
3412 |
| 003 - IDENTIFICADOR DEL NÚMERO DE CONTROL |
| Identificador del número de control |
CDMR |
| 005 - FECHA Y HORA DE LA ÚLTIMA TRANSACCIÓN |
| Fecha y hora de la última transacción |
20130315095736.0 |
| 008 - CÓDIGOS DE INFORMACIÓN DE LONGITUD FIJA |
| Códigos de información de longitud fija |
130130s1974||||||||||||||||||||||||||||d |
| 040 ## - FUENTE DE LA CATALOGACIÓN |
| Centro catalogador de origen |
CDMR |
| Lengua de catalogación |
cat |
| Centro transcriptor |
CDMR |
| 100 1# - PUNTO DE ACCESO PRINCIPAL-NOMBRE DE PERSONA |
| Nombre de persona |
Xammar, Eugeni |
| 9 (RLIN) |
1340 |
| 245 10 - MENCIÓN DE TÍTULO |
| Título |
Seixanta anys d'anar pel món |
| Resto del título |
: converses amb Josep Badia i Moret |
| Mención de responsabilidad, etc. |
Eugeni Xammar |
| 260 ## - PUBLICACIÓN, DISTRIBUCIÓN, ETC. (PIE DE IMPRENTA) |
| Lugar de publicación, distribución, etc. |
Barcelona |
| Fecha de publicación, distribución, etc. |
1974 |
| Nombre del editor, distribuidor, etc. |
Pòrtic |
| 300 ## - DESCRIPCIÓN FÍSICA |
| Extensión |
582 p ; |
| Dimensiones |
19 cm |
| 490 0# - MENCIÓN DE SERIE |
| Mención de serie |
Memòries |
| Designación de volumen o secuencia |
14 |
| 600 14 - PUNTO DE ACCESO ADICIONAL DE MATERIA - NOMBRE DE PERSONA |
| Nombre de persona |
Xammar, Eugeni |
| Subdivisión de forma (R ) |
Memòries |
| 9 (RLIN) |
1340 |
| 700 1# - PUNTO DE ACCESO ADICIONAL - NOMBRE DE PERSONA |
| 9 (RLIN) |
3034 |
| Nombre de persona |
Badia i Moret, Josep |
| 942 ## - ENTRADA DE ELEMENTOS AGREGADOS (KOHA) |
| Koha [por defecto] tipo de item |
Monografies |
| Fuente de clasificaión o esquema |
|